000
00286 a2200121 4500
001
76719
082
_a
533.276 HAL
090
_c
39239
_d
39239
100
_a
HAll Gordon
245
_a
Fundamentals phenomena in Hypersonic Flow
260
_a
NY
_b
Cornell Uni
_c
1966
300
_a
354 p.
942
_a
NUST-CAE
_k
533.276 HAL
999
_c
311792
_d
311792